[Event "Prague Golden Rapid op 17th"]
[Site "Prague"]
[Date "2022.07.09"]
[Round "7"]
[White "Plesniva, Martin"]
[Black "Lechowski, Witold"]
[Result "1-0"]
[WhiteElo "1782"]
[BlackElo "1613"]
[PlyCount "47"]
[EventDate "2022.07.09"]
[EventType "swiss (rapid)"]
[EventRounds "7"]
[EventCountry "CZE"]
[SourceTitle "CBM 209 Extra"]
[Source "ChessBase"]
[SourceDate "2022.09.30"]
[SourceVersion "1"]
[SourceVersionDate "2022.09.30"]
[SourceQuality "1"]

1. e4 e5 2. f4 exf4 3. Nf3 Nf6 4. Nc3 d5 5. e5 Nh5 6. d4 g5 7. Bd3 g4 8. 0-0 Be6 9. Ne1 Qh4 10. Bxf4 Nxf4 11. Rxf4 Bh6 12. g3 Qh3 13. Rf1 Be3+ 14. Kh1 h5 15. Ng2 Bg5 16. Ne2 h4 17. Nef4 Bxf4 18. Nxf4 Qxf1+ 19. Qxf1 hxg3 20. Nxe6 Rxh2+ 21. Kg1 fxe6 22. Qf6 Kd7 23. Qf7+ Kc6 24. Qxe6# 1-0